[Event "LSS SD-2010-0-00066"]
[Site "LSS email"]
[Date "2010.08.17"]
[Round "?"]
[White "St Jean, Benoit"]
[Black "Dob, Gabor"]
[Result "0-1"]
[WhiteElo "1519"]
[BlackElo "1401"]
[PlyCount "36"]
[EventDate "2010.07.13"]
[EventType "tourn (corr)"]
[EventRounds "6"]
[EventCountry "GER"]
[SourceTitle "Telechess CBM 143"]
[Source "ChessBase"]
[SourceDate "2011.07.15"]
[SourceVersion "1"]
[SourceVersionDate "2011.07.15"]
[SourceQuality "1"]

1. b4 Nf6 2. Bb2 e6 3. b5 d5 4. e3 Bd6 5. c4 a6 6. Nc3 axb5 7. Nxb5 Be7 8. Nf3 0-0 9. Be2 c6 10. Nc3 dxc4 11. Bxc4 b5 12. Bb3 Nbd7 13. 0-0 Ba6 14. Re1 Qb8 15. Qb1 Bb7 16. Bc2 c5 17. Ne2 Bxf3 18. gxf3 b4 0-1

[Event "ZI-2010-0-00774"]
[Site "LSS email"]
[Date "2010.08.17"]
[Round "?"]
[White "St Jean, Benoit"]
[Black "Pons, Francisco"]
[Result "0-1"]
[WhiteElo "1530"]
[BlackElo "1454"]
[PlyCount "26"]
[EventDate "2010.08.14"]
[EventType "match (corr)"]
[EventRounds "2"]
[EventCountry "GER"]
[SourceTitle "Corr 2013"]
[Source "ChessBase"]
[SourceDate "2012.11.12"]
[SourceVersion "1"]
[SourceVersionDate "2012.11.12"]
[SourceQuality "1"]

1. b4 e5 2. Bb2 f6 3. b5 d5 4. e3 Bd7 5. c4 Be6 6. cxd5 Qxd5 7. Nc3 Qd8 8. Nf3 Bd6 9. Be2 a6 10. a4 axb5 11. axb5 Rxa1 12. Qxa1 Ne7 13. 0-0 0-0 0-1

[Event "IECG CC.2003.0.00064 email"]
[Site "IECG email"]
[Date "2003.05.20"]
[Round "?"]
[White "Cox, Barry"]
[Black "St Jean, Benoit"]
[Result "1-0"]
[WhiteElo "1700"]
[BlackElo "1613"]
[PlyCount "35"]
[EventDate "2003.05.20"]
[EventType "tourn (corr)"]
[EventRounds "5"]
[SourceTitle "Corr 2024"]
[Source "ChessBase"]
[SourceDate "2023.10.19"]
[SourceVersion "1"]
[SourceVersionDate "2023.10.19"]
[SourceQuality "1"]

1. e4 Nf6 2. e5 Nd5 3. d4 d6 4. c4 Nb6 5. f4 dxe5 6. fxe5 c5 7. d5 g6 8. Nc3 Bg7 9. Bf4 0-0 10. Qd2 e6 11. 0-0-0 exd5 12. cxd5 Re8 13. Bg5 f6 14. exf6 Bxf6 15. Nf3 Bg4 16. Qf4 Bxf3 17. Bxf6 Rf8 18. Bxd8 1-0

[Event "IECG CC.2003.0.00064 email"]
[Site "IECG email"]
[Date "2003.05.20"]
[Round "?"]
[White "St Jean, Benoit"]
[Black "McDowall, Michael"]
[Result "0-1"]
[WhiteElo "1613"]
[BlackElo "1711"]
[PlyCount "36"]
[EventDate "2003.05.20"]
[EventType "tourn (corr)"]
[EventRounds "5"]
[SourceTitle "Corr 2024"]
[Source "ChessBase"]
[SourceDate "2023.10.19"]
[SourceVersion "1"]
[SourceVersionDate "2023.10.19"]
[SourceQuality "1"]

1. b4 d5 2. Bb2 Nf6 3. e3 Nbd7 4. Nf3 e6 5. Be2 Bxb4 6. 0-0 0-0 7. c4 dxc4 8. Bxc4 Nb6 9. Qb3 Nxc4 10. Qxc4 Bd6 11. Nc3 e5 12. d4 e4 13. Nd2 Re8 14. d5 c6 15. Rfd1 cxd5 16. Qb3 Bxh2+ 17. Kxh2 Ng4+ 18. Kg1 Qh4 0-1